| 000 | 00419nam a2200145Ia 4500 | ||
|---|---|---|---|
| 008 | 210210b1978 xxu||||| |||| 00| 0 eng d | ||
| 082 | _a547.1 MUKR | ||
| 100 | _aMUKHERJI (S M) & SINGH (S P). | ||
| 245 | _aReaction mechanism in organic chemistry. | ||
| 260 |
_aN D _bThe Macmillan Co Ltd., _c1978 |
||
| 300 | _ax,419 | ||
| 650 | _aReaction Mechanism Organic Chemistry | ||
| 690 | _aOrganic Chemistry | ||
| 906 | _a035281 | ||
| 999 |
_c85913 _d85913 |
||